000
00329nam a22001457a 4500
003
SGT
082
_b
R16S
100
_a
SAUNDERS MARK
245
_a
RESEARCH METHODS FOR BUSINESS STUDENT
250
_a
5TH
260
_b
DORLING KINDERSLEY PUB.
_c
2016
300
_a
614
650
_a
COMMERCE MANAGEMENT
942
_2
ddc
_c
BK
_0
1
999
_c
15501
_d
15501